OECD Integrity Review of Colombia Investing in Integrity for Peace and Prosperity

Na minha lista:
Detalhes bibliográficos
Formato: Livro
Idioma:inglês
Publicado em: Paris OECD 2017
Colecção:OECD Public Governance Reviews
Assuntos:
Tags: Adicionar Tag
Sem tags, seja o primeiro a adicionar uma tag!

MARC

LEADER 00000nam a2200000 4500
001 0241158
005 20240314123323.2
020 |a 978-92-64-27831-8 
041 0 |a eng 
044 |a FR 
245 1 0 |a OECD Integrity Review of Colombia  |b Investing in Integrity for Peace and Prosperity 
264 1 |a Paris  |b OECD  |c 2017 
300 |a 143 s. 
490 1 |a OECD Public Governance Reviews 
830 0 |a OECD Public Governance Reviews 
610 2 0 |a správa štátna 
610 2 0 |a správa verejná 
610 2 0 |a riadenie ľudských zdrojov 
610 2 0 |a kontrola 
610 2 0 |a riadenie rizík 
610 2 0 |a prosperita ekonomická 
610 2 0 |a Kolumbia